Logo BPK

Biblioteka

Politechniki Koszalińskiej

Tyrystory i ich zastosowania / (Rekord nr 17486)

Szczegóły MARC
000 -ETYKIETA REKORDU
podpole kontrolne o stałej długości 00440nam a2200169 i 4500
001 - NUMER KONTROLNY REKORDU
pole kontrolne bg
040 ## - ŹRÓDŁO KATALOGOWANIA
Instytucja, która utworzyła rekord BPK
041 ## - KOD JĘZYKA
Kod języka tekstu pol
080 ## - UNIWERSALNA KLASYFIKACJA DZIESIĘTNA - UKD
UKD 621.382
008 - POLE O STAŁEJ DŁUGOŚCI - DANE KONTROLNE
podpole kontrolne o stałej długości s pl f |000 0 pol
100 1# - NAZWA OSOBOWA
Nazwa osobowa RAJCHERT, Franciszek.
245 #0 - TYTUŁ/ODPOWIEDZIALNOŚĆ
Tytuł Tyrystory i ich zastosowania /
Pozostałe elementy strefy tytułu i oznaczenia odpowiedzialności Franciszek Rajchert, Adam Sitnik, Jerzy Stępień.
260 ## - STREFA ADRESU WYDAWNICZEGO
Miejsce wydania Warszawa,
Data publikacji, dystrybucji/powstania dokumentu 1977.
700 1# - HASŁO DODATKOWE - NAZWA OSOBOWA
Nazwa osobowa SITNIK, Adam.
700 1# - HASŁO DODATKOWE - NAZWA OSOBOWA
Nazwa osobowa STĘPIEŃ, Jerzy.
856 ## - LOKALIZACJA I DOSTĘP DO ELEKTRONICZNYCH DOKUMENTÓW ZDALNYCH
Link (URL) http://koha.tu.koszalin.pl/cgi-bin/koha/opac-detail.pl?biblionumber=17486
Tekst linku Katalog online BPK
942 ## - DODATKOWE ELEMENTY (KOHA)
Typ dokumentu Książka
Egzemplarze
Wycofany Status egzemplarza Uszkodzony Dostępność Lokalizacja stała Lokalizacja bieżąca Numer ubytku Sygnatura Kod kreskowy Typ dokumentu Miejsce przechowywania
  Egz. niedostępny   Niedostępny Biblioteka Politechniki Koszalińskiej Biblioteka Politechniki Koszalińskiej 6784 22508 01810035 Książka  
      Dostępny Biblioteka Politechniki Koszalińskiej Biblioteka Politechniki Koszalińskiej   22509 01190090 Książka Wypożyczalnia BG
      Dostępny Biblioteka Politechniki Koszalińskiej Biblioteka Politechniki Koszalińskiej   22509/L 01373387 Książka Wypożyczalnia BG
© 2023 Biblioteka Politechniki Koszalińskiej :: KOHA